Medzinárodnoprávna zodpovednosť za činnosť v kozmickom priestore
Problematika kozmického práva, ktorá v slovenskej právnej vede nie je spracovaná. Pojmový aparát, jeho pramene, režim využívania kozmického priestoru a nebeských telies, právny status kozmonautov a umelých kozmických objektov, zodpovednosť za činnosť a spôsobené škody a ďalšie otázky súvisiace s pre...
Salvato in:
| Autore principale: | |
|---|---|
| Natura: | Capitolo di libro |
| Lingua: | slovacco |
| Soggetti: | |
| Tags: |
Nessun Tag, puoi essere il primo ad aggiungerne!!
|
MARC
| LEADER | 00000nla a2200000 4500 | ||
|---|---|---|---|
| 001 | 0183893 | ||
| 005 | 20240502073141.6 | ||
| 041 | 0 | |a slo | |
| 044 | |a SK | ||
| 245 | 1 | 0 | |a Medzinárodnoprávna zodpovednosť za činnosť v kozmickom priestore |c Stanislav Mráz |
| 520 | |a Problematika kozmického práva, ktorá v slovenskej právnej vede nie je spracovaná. Pojmový aparát, jeho pramene, režim využívania kozmického priestoru a nebeských telies, právny status kozmonautov a umelých kozmických objektov, zodpovednosť za činnosť a spôsobené škody a ďalšie otázky súvisiace s predmetnou problematikou. | ||
| 610 | 2 | 0 | |a právo kozmické |
| 610 | 2 | 0 | |a pojmy |
| 610 | 2 | 0 | |a právo verejné medzinárodné |
| 100 | 1 | |a Mráz, Stanislav | |